000 00434nam a22001577a 4500
005 20251121104745.0
008 251121b |||||||| |||| 00| 0 eng d
020 _a979-8-88715-408-4
100 _aMALCOLM, DAVID
245 _aEVENT MANAGEMENT IN TOURISM
260 _aDUBLIN
_bORYSON PRESS
_c2024
300 _aVIII, 276P.
500 _aINCLUDES INDEX
650 _a1. TOURISM - MANAGEMENT 2. EVENT MANAGEMENT
942 _2lcc
_cBK
999 _c216248
_d216248